000 00749nam a22002177a 4500
999 _c11200
_d11200
003 AR-CdUCM
008 190403b ||||| |||| 00| 0 spa d
040 _aMUNICIPALIDAD PROVINCIAL DEL CUSCO
_cBIBLIOTECA MUNICIPAL DEL CUSCO
082 _aES / 036 /
_bES92
100 _aEstevez Puertas, José
_928439
245 _aEntretenimientos Radioeléctricos /
260 _aMadrid :
_bEdiciones Monte Esquinza,
_bEdiciones Santillana,
_c1966.
300 _a108 paginas ;
_bilustraciones, graficos, dibujos,
_c20 cm.
500 _aEnciclopedia de las aficiones
650 _aRadioelectricos
_928440
650 _aTexto de Estudio
_928390
650 _aExperimentos
_92381
650 _aTexto Informativo
_928441
942 _2ddc
_cLIBROS
945 _apjha